000 00653nam a22002417a 4500
003 UA-OsUOA
001 59373
007 ta
008 20090320b un ||||| |||| 00| 0 ukr d
100 _aБорисполець В.
090 _a821.161.2-1
_bБ82
942 _cBK
040 _aUA-OsUOA
_bukr
_cUA-OsUOA
_dUA-OsUOA
245 _aТлумачення тиші: Велібри
300 _a390 с.
955 _a2
041 _aukr
080 _a821.161.2-1
020 _a978-966-580-278-7
260 _aК.
_bВЦ "Академія"
_c2009
650 7 _a82 Література. Літературознавство
_2UDC
999 _c345454
_d345454